Responses for Show #7500 - Friday, March 31, 2017

Contestants

[<< previous game]

Aaron Benor, an online sales director from Rutherford, New Jersey

Andrea Palmiter, a strategic data analyst from Woodinville, Washington

Eric Vernon, a retired government relations specialist from Ottawa, Ontario, Canada (whose 1-day cash winnings total $26,800)

[next game >>]

Jeopardy! Round responses

THE 50 STATES
SUPPORTING ACTRESS OSCAR WINNERS
IT HELPS TO REMEMBER
BOOKS & AUTHORS
BREAKFAST CEREALS
SPECIAL DOUBLE K
    $200 10
Florida

Aaron
    $200 5
Helen Keller

Eric
    $200 14
spring forward, fall back

Andrea
    $200 3
(Aaron: What is Boss?)

Born to Run

Aaron
Triple Stumper
    $200 1
a bookkeeper

Eric
    $400 19
Hawaii

Andrea
    $400 6
(Patricia) Arquette

Andrea
    $1,000 20
the Great Lakes

Andrea
    $400 4
War of the Worlds

Andrea
    $400 2
a jackknife

Aaron
    $600 18
Kentucky

Aaron
    $600 7
(Penélope) Cruz

Andrea
    $600 21
stalagmites & stalactites

Aaron
    $600 11
(Jack) Reacher

Eric
    $600 15
Cap'n Crunch

Aaron
    $600 27
Nikkei

Aaron
    $800 16
(Andrea: What is California?)
(Aaron: What is Arizona?)

Oklahoma

AndreaAaron
Triple Stumper
    $800 8
(Aaron: What is The Wrestler?)

The Fighter

AndreaAaron
    $800 22
the colors of the rainbow

Andrea
    $800 12
(Ralph Waldo) Ellison

Eric
    $800 28
[The end-of-round signal sounds.]

Cheerios

Andrea
    $800 26
(Aaron: What is Stuka?)

the Fokker

Aaron
Triple Stumper
    $1000 17
(Andrea: What is Hawaii?)

Iowa

Andrea
Triple Stumper
    $1000 9
The Year of Living Dangerously

Eric
    $1000 23
(Alex: That's it, with less than a minute to go now.)

Stuart

Aaron
    $1000 13
The Nightingale

Triple Stumper
    $1000 24
Count Chocula

Aaron
    $1000 25
a chukker

Eric

Scores at the first commercial break (after clue 15):

Eric Andrea Aaron
$2,800 $2,400 $200

Scores at the end of the Jeopardy! Round:

Eric Andrea Aaron
$3,800 $3,600 $2,400

Double Jeopardy! Round responses

UNFORTUNATE HISTORY
THE QUEEN'S ENGLISH
GENERAL SCIENCE
EUROPEAN ARTISTS
STREET MUSIC
SKIMMING THE MAGAZINES
    $400 20
DDT

Andrea
    $400 12
the telly

Andrea
    $400 21
quarks

Andrea
    $400 4
(Eric: Who's El Greco?)

Goya

EricAndrea
    $400 27
Lonely Street

Andrea
    $400 23
Bon Appétit

Eric
    $800 19
(Eric: What is the Queen Elizabeth?)

the Queen Mary

Eric
Triple Stumper
    $800 13
a crosswalk

Andrea
    $800 30
(Jean) Foucault

Andrea
    $800 5
Edward Lear

Triple Stumper
    $800 29
"Penny Lane"

Aaron
    $800 24
(Alex: Yes, less than a minute now.)

Newsweek

Eric
    $1200 1
Franklin Pierce

Triple Stumper
    $1200 14
anticlockwise

Eric
    $1200 18
metamorphic

Eric
    $1200 6
(Johannes) Vermeer

Andrea
    $4,000 9
(Aaron: What is... Tucson?)

Winslow

Aaron
    $1200 25
[The clue makes Alex laugh.]

National Geographic

Aaron
    $1600 2
August

Eric
    $1600 15
the boot

Aaron
    $2,000 16
[Aaron gave both listed responses.]

inert (or noble)

Aaron
    $1600 7
Titian

Aaron
    $1600 10
Santa Monica

Andrea
    $1600 28
Parade

Aaron
    $2000 3
Montserrat

Andrea
    $2000 22
the local

Eric
    $2000 17
isomers

Triple Stumper
    $2000 8
(Alex: Very much in the news in recent years--[*].)

Gustav Klimt

Triple Stumper
    $2000 11
the highway to hell

Andrea
    $2000 26
The Journal of the American Medical Association

Eric

Scores at the end of the Double Jeopardy! Round:

Eric Andrea Aaron
$11,800 $14,000 $7,200

[wagering suggestions for these scores]

Final Jeopardy! Round responses

FAMOUS BRITISH NAMES
(Alex: Eric Vernon, congratulations. You are a 2-day champion. You have $50,400 for those two days. However, you have dropped our average to $28--no, $24,800.)
(Eric: I'll try to do better.)
(Alex: Do better on Monday.)
AaronWho is Richard Longsanks?
$0
EricWho is Shakespeare?
$11,800
AndreaWho is Cromwell?
$10,000
William Shakespeare

Final scores:

Eric Andrea Aaron
$23,600 $4,000 $7,200
2-day champion: $50,400 3rd place: $1,000 2nd place: $2,000

Game dynamics:

Coryat scores:

Eric Andrea Aaron
$11,800 $13,400 $10,800
13 R,
2 W
20 R
(including 1 DD),
2 W
14 R
(including 1 DD),
5 W
(including 1 DD)

Combined Coryat: $36,000

[game clues] [game scores] [suggest correction]

Game tape date: 2016-12-13
The J! Archive is created by fans, for fans. Scraping, republication, monetization, and malicious use prohibited; this site may use cookies and collect identifying information. See terms. The Jeopardy! game show and all elements thereof, including but not limited to copyright and trademark thereto, are the property of Jeopardy Productions, Inc. and are protected under law. This website is not affiliated with, sponsored by, or operated by Jeopardy Productions, Inc. Join the discussion at JBoard.tv.